000 00632cab a2200205 4500
001 WB2738-03
008 090401t1991 xxu||||| |||| 00| 0 eng d
035 _a(Sirsi) u1427
041 _aeng
245 _aSelf build
260 _c1991
300 _aLOAN
350 _a0
490 _aDaily Telegraph
_v27 September 1991, 26-27(2)
520 _aSpecial report on self build housing including articles on changing planning rules, specialist package deals and three case studies. Includes lists of useful publications and addresses.
650 _aSELF BUILD
690 _aBUILT ENVIRONMENT
942 _n0
948 _c04/03/1997
999 _c791
_d791